| 000 | 00345nam a2200133Ia 4500 | ||
|---|---|---|---|
| 008 | 240624s9999 xx 000 0 und d | ||
| 041 | _aeng | ||
| 082 | _a303.483 NAR | ||
| 100 | _aNARASIMHA RODDAM | ||
| 245 | _aDYNAMICS OF TECHNOLOGY CREATION AND DIFF | ||
| 260 |
_c2003 _aNew Delhi _bSage |
||
| 300 | _aviii, : 301 : p. : cm. ; 24 | ||
| 365 | _cRS | ||
| 999 |
_c1213 _d1213 |
||